000 00591nam a2200241 a 4500
001 nice12345678
003 IN_TiNIC
005 20260116011552.0
008 050524s1864 lona grp 000 0 eng
020 _a
_c100
082 0 0 _a915.5804
_bVAM
100 _aVamberry, Arminius
245 _aTravels Is Central Asia
260 _aLondon
_bJohn Murray
_c1864
300 _a443p
500 _aincludes index and biblioraphy
505 2 _aIndex
650 _aCentral Asia-Description and Travel
700 1 _aVamberry, Arminius
902 _bSRS
942 _cBK
999 _c2662
_d2662